| 000 | 00906nam a2200277 a 4500 | ||
|---|---|---|---|
| 001 | 5985 | ||
| 003 | UkOxU | ||
| 005 | 20211208234150.0 | ||
| 008 | 080114s1953 enk 000 0 eng d | ||
| 035 | _a(BD-RjUL) | ||
| 040 |
_aBD-RjUL _beng _cBD-RjUL |
||
| 041 | _aeng | ||
| 082 |
_222 _a 510 _bHOM 1953 |
||
| 100 | 1 |
_aHogben, Lancelot Thomas, _d1895-1975. _918818 |
|
| 245 | 1 | 0 |
_aMathematics for the million : _ba popular self educator / _cby Lancelot Hogben ; illustrations by J. F. Horrabin |
| 250 | _a2nd ed | ||
| 260 |
_aLondon : _bGeorge Allen & Unwin, _c1953 |
||
| 300 |
_a657 p. : _bill. ; _c23 cm. |
||
| 490 | 1 |
_aPrimers for the age of plenty ; _vNo. 1 |
|
| 650 | 0 |
_aMathematics _918819 |
|
| 650 | 0 |
_aMathematics _xHistory _918820 |
|
| 830 | 0 |
_vNo. 1 _918821 |
|
| 700 | 1 |
_aHorrabin, J. F. _q(James Francis), _d1884-1962. _918822 |
|
| 830 | 0 |
_aPrimers for the age of plenty ; _918823 |
|
| 942 |
_2ddc _cBK |
||
| 999 |
_c5985 _d5985 |
||